The physical map of the chloroplast DNA from Asparagus officinalis L (Record no. 70908)

MARC details
000 -LEADER
fixed length control field 00561nam a2200205Ia 4500
100 ## - MAIN ENTRY--AUTHOR NAME
Personal name Lee Y O
245 #4 - TITLE STATEMENT
Title The physical map of the chloroplast DNA from Asparagus officinalis L
260 ## - PUBLICATION, DISTRIBUTION, ETC. (IMPRINT)
Name of publisher Theoretical and Applied Genetics
Year of publication 1996
300 ## - PHYSICAL DESCRIPTION
Number of Pages 14-Oct
650 ## - SUBJECT ADDED ENTRY--TOPICAL TERM
Topical Term Asparagus officinalis L
650 ## - SUBJECT ADDED ENTRY--TOPICAL TERM
Topical Term Chloroplast DNA (ct DNA)
650 ## - SUBJECT ADDED ENTRY--TOPICAL TERM
Topical Term Chloroplast genes
650 ## - SUBJECT ADDED ENTRY--TOPICAL TERM
Topical Term Garden asparagus
650 ## - SUBJECT ADDED ENTRY--TOPICAL TERM
Topical Term Physical map
650 ## - SUBJECT ADDED ENTRY--TOPICAL TERM
Topical Term RFLP
700 ## - ADDED ENTRY--PERSONAL NAME
Personal name Kameya T
700 ## - ADDED ENTRY--PERSONAL NAME
Personal name Kanno A
942 ## - ADDED ENTRY ELEMENTS (KOHA)
Koha item type Journals
Holdings
Withdrawn status Lost status Damaged status Not for loan Home library Current library Shelving location Date acquired Serial Enumeration / chronology Koha item type
      Journals RRII Library RRII Library RFLP 17/12/2021 Volume 92, Issue 1 Journals